000 00948nmm a2200277 a 4500
001 ocm000643233
003 TR-IsHL
005 20201028131522.0
008 131028s2008 tu tur
007 cr cn
020 _a9789944118378
035 _a643233
_b(N$T)
050 0 4 _aDR557
_b.Ö73 2008
090 0 4 _aDR557
_b.Ö73 2008
100 1 _aÖrenç, Ali Fuat
245 1 0 _aBalkanlarda ilk dram: unuttuğumuz Mora Türkleri ve eyaletten bağımsızlığa Yunanistan
_h[electronic resource] /
_cAli Fuat Örenç
250 _a1. bs.
260 _aİstanbul :
_bBabıali Kültür Yayıncılığı,
_c2008
300 _a298 p.
650 4 _aTarih
650 4 _aHistory
650 0 _aBalkan Yarımadası
_x Tarih
650 0 _aBalkan Peninsula
_x History
650 7 _aHISTORY / Middle East / Turkey & Ottoman Empire
_2bisacsh
856 4 0 _uhttp://search.ebscohost.com/login.aspx?direct=true&scope=site&db=e011xww&AN=643233
999 _c4606
_d4606